000 00509nam a2200205Ia 4500
003 BUBTL
008 151213s9999 xx 000 0 und d
082 _a677.4ISA
100 _aMd. Nazirul Islam
245 _aApparel Fibers
250 _a2nd
260 _aDhaka
_bFibco Press
_cc2008
300 _a329p.
_bills.
_c21cm.
650 _aTextile
650 _aTextile
700 _aMd. Nazirul Islam
856 _k0
_l0
_yDownload
942 _2ddc
_cBK
999 _c4088
_d4088